Die Ärzte Songs nach Googleübersetzer - Statistiken

Allgemein
  • Dieses Quiz wurde 94 mal gespielt
  • Das Durchschnittsergebnis liegt bei 9 aus 15
Antwortstatistiken
Hint Antwort % Korrekt
Aber eines Tages wird es sich an mir rächen. Ich breche das Herz jeder Frau. Jetzt bin ich ein Star geworden. Es steht auf dem Papier. Dann entschuldigen Sie mich. Aber es war zu spät. Es ist spät, spät, spät. Aber es war zu spät Zu spät
89%
Wenn du heute wütend bist, wird es dir heute schlechter gehen. Und du fragst, warum tut niemand etwas? Machen Sie sich keine Sorgen darüber, was Sie nicht brauchen. Wenn Sie noch keins haben, installieren Sie es einfach. Es ist nicht deine Schuld, es liegt einfach so, wie die Welt funktioniert Wenn ja, ist es deine Schuld. Deine Schuld
81%
Erinnern Sie sich, wie es damals war? Alles war schlecht Der Himmel war hoch und die Leute waren besorgt Die Welt ist korrupt aber der Wandel kommt Unser Leid ist groß Hip, hip, hip! Alles war perfekt, alles war großartig Schau, schau, geh! Alles ist besser als gestern Hurra
67%
Er schlug mich mehrmals, schlug und trat mich. Es ist nicht gut für dich, das verlange ich nicht Dein Freund fragt und sagt: „Gut.“ Ja, du hast mich angegriffen, aber du brauchst Gewalt erzeugt Gewalt, ist das nicht offensichtlich? Oder hat er es meistens nicht gespürt? Jetzt stand er vor mir und wir waren allein. Niemand kann dir helfen, niemand kann dir helfen. Ich werde mit dir kämpfen Es ist mir immer ins Gesicht geschrieben... Schundersong
67%
kleine Liebe, kleine Liebe kleine Liebe, kleine Liebe Ich liebe sie und träume von ihr Du tanzt mit mir in meinen Träumen Aber als ich aufwachte, fiel mir Folgendes ein: Er ist mit jemand anderem als mir zusammen. Teenager Liebe
61%
Schwarz wie eine schwarze Nacht ist die richtige Wahl. Ich mag die Dunkelheit – das Licht ist nichts für mich Schwarz bitte – Nacht bitte Ich wollte Dunkelheit – und das war genau das Richtige für mich. Dunkel
60%
Ich habe die Einladung in Ramnikul, Siebenbürgen, gesehen
Angeblich wurde er von Dracula zur Teilnahme eingeladen.
Alle waren eingeladen, auch Dr.
Das ist alles, was er sagt: Es muss großartig sein.
Ich habe ein ganzes Stück Papier geklaut und zwei Löcher hineingeschnitten
Ich dachte, es wäre vielleicht sicherer als glücklich.
Ich habe die Gelenkschmerzen behandelt und es meinem Pferd gegeben
Denn diese Firma mit Dracula
(Das ist großartig) Soldaten, die groß, groß sind.
Monsterparty
60%
Ich hoffe, mein Kommentar beleidigt sie nicht
Vergessen Sie es noch einmal
Ich weiß, dass du mich immer noch liebst.
So wie es sein sollte (wie ein Liebeslied).
Wir können einen Weg kennen (wie im Liebeslied).
Ja (wie im Liebeslied).
Aber ich bin der Einzige, der mich liebt.
1/2 Lovesong
59%
Das ist ein Lied für dich. Weil du der Erste bist. Die Musik ist für dich. Weil du für mich da warst. Oh, das ist großartig... Das ist ein Lied für dich. Warum verbringen Sie Stunden damit, zu Hause zu üben? Die Musik ist für dich. Du kennst alle unsere Worte. Ein Lied für dich
59%
Tagesschau ist nicht mein Favorit Mord War Dogs hat wieder geöffnet. Wenn seine Brüder abgelehnt werden. Wenn die Bomben fallen, ist es beängstigend Und die Leute kämpfen immer noch. Was auch immer Ihnen in den Sinn kommt. Die Welt retten – Beutel des Friedens Es lässt einen über die Liebe nachdenken Frieden wird freiwillig gegeben – eine Waffe zur Selbstverteidigung Friedenspanzer
57%
Ich, das Neugeborene – nicht so hübsch, aber Mama sieht glücklich aus Es ist natürlich schon 2 Jahre her – meine Eltern sind geschieden und ich 3, ich und 4, nur Mama und ich hier Und die Geburtstagstorte meiner Mutter – ich lache, weil ich sie nicht verstehe Mein Vater und ich, der gesund ist, spielen mit Papas Hund mich mit dem Hund im Blumengarten, pack mich am Ohr Ich im Norden, jetzt meine erste Party: Ich bin der Strand und ich bin der Strand. Ich, am Strand
53%
Deshalb höre ich Ihr Radio Deshalb habe ich das Radio ausgeschaltet Lass mich das Radio einschalten Deshalb habe ich Ihr Radio eingeschaltet Wenn das Radio eingeschaltet ist und das Radio ausgeschaltet ist. Radio brennt
52%
Ich schaue dich an, du bist wunderschön.
Ich kann hier sitzen und dich beobachten.
Aber gleichzeitig stehst du auf und willst gehen.
GUT. Ich wusste, dass es Zeit war
Ich möchte dir sagen, ich weiß nicht was.
Bleiben Sie zunächst hier und schauen Sie mich nicht so an.
Denn sonst gibt es nichts zu sagen.
Wie es geht
51%
Ich habe ein Geschenk. Ich liebe dich, das verspreche ich. Frag mich nicht, du weißt warum, ich gehöre jetzt dir Ich habe es, was brauche ich mehr? Ich bin dein Diener, oh König. Von nun an gehöre ich ganz dir Sehr, sehr gut Akzeptiere mich als deinen Sklaven Bitte Bitte
45%
Wir kennen uns schon lange. Ich weiß nicht was Was passiert, wenn etwas schief geht? Was passiert, wenn wir uns trennen? Unsere Liebe wird sich in Hass verwandeln. Ist das alles, was Sie tun müssen? Denn manchmal scheitert die Liebe. gute und lustige Dinge Wenn nicht, hat jemand anderes ein Problem. Liebe durchdringt den Schmerz über Nacht. Du und ich glauben es nicht. Wir mussten nicht, aber wir durften Dinge tun. Aber Liebe tut weh. Liebe und Schmerz
33%
Keine übereinstimmenden Quizze gefunden
Verteilung der Resultate
Anzahl Personen mit jedem Resultat
Perzentil nach korrekt beantworteten Fragen
Ihre Resultats-Entwicklung
Sie haben dieses Quiz noch nicht gespielt